000 00483nam a2200205Ia 4500
003 LK-CoDNM
005 20240910111450.0
008 010623t1877 xxu||||| |||| 00| 1 eng d
040 _aLK-CoDNM
_dLK-CoDNM
_eLK-CoDNM
041 _aeng
080 _a6
_bD33
100 _aArber, Edward
245 3 _aAn English Garner
260 _bE. Arber
_aLondon
_c1877
300 _b656p. ; 22 cm
650 _aHistory
650 _aQueen Elizabeth
650 _aRobert Knox
942 _cBK
999 _c82083
_d82083